[Event "HokkaidoChessCh2023"]
[Site "?"]
[Date "2023.03.26"]
[Round "4.2"]
[White "Akai, Kiyotaka"]
[Black "Takeuchi, Hiroshi"]
[Result "1-0"]
[WhiteElo "1705"]
[BlackElo "1418"]
[Annotator "Fritz 11 SE (30s)"]
[PlyCount "49"]
[SourceDate "2023.03.26"]

{E69: King's Indian: Fianchetto: 6...Nbd7 7 0-0 e5 8 e4 c6 9 h3} 1. d4 Nf6 2.
c4 d6 3. Nf3 g6 4. g3 Bg7 5. Bg2 O-O 6. Nc3 c6 7. O-O Nbd7 8. e4 e5 9. h3 exd4
10. Nxd4 Qc7 (10... Qa5 11. Nde2 Re8 12. Rb1 Qc7 13. Bf4 Ne5 14. b3 Nh5 15. Be3
f5 16. Nd4 fxe4 17. Nxe4 Nf7 18. g4 Nf6 19. Nxf6+ Bxf6 20. Qd2 Bd7 21. f4 c5
22. Nc2 Bc6 23. Kh1 Be4 24. Bg1 d5 25. cxd5 {Akopian,V (2600)-Bosboom,M (2445)
Tilburg 1992 1-0 (40)}) 11. b3 $146 (11. Re1 a5 12. Be3 Nc5 13. Qc2 Bd7 14.
Rad1 Rad8 15. b3 Rfe8 16. f4 Bc8 17. Bf2 Nfd7 18. a3 Na6 19. Kh2 Ndc5 20. Nde2
f5 21. Nd4 fxe4 22. Nxe4 Nxe4 23. Bxe4 Qf7 24. Nf3 Nc5 25. Ng5 Qf8 {Romanko,M 
(2226)-Huang,Q (2424) Sochi 2009 0-1 (46)}) (11. Be3 a5 12. Qd2 Re8 13. Rfe1
Nc5 14. Bh6 Bxh6 15. Qxh6 Nd3 16. Re2 Qb6 17. Qe3 Ne5 18. b3 Bxh3 19. Bxh3 Qxd4
20. Rd1 Qxe3 21. Rxe3 h5 22. Rxd6 Nfg4 23. Bxg4 hxg4 24. Kf1 Rad8 25. Rxd8 Rxd8
{Campbell,B (2220)-Balandin,A (2360) North Bay 1996 0-1 (58)}) 11... b6 $2 (
11... Nc5 12. Re1 $11) 12. Bb2 (12. Nxc6 $142 Qxc6 13. e5 $16) 12... Bb7 $11
13. Re1 {White has an active position} Rfe8 14. Qd2 c5 $4 (14... a5 $142 $11 {
had to be tried to avoid defeat}) 15. Ndb5 $18 Qb8 16. Nxd6 Re6 17. Nxb7 Qxb7 (
17... Ne5 {the last chance for counterplay} 18. f4 Qxb7 19. fxe5 Nd7 $18) 18.
e5 Qc7 (18... Qc8 {there is nothing else anyway} 19. exf6 Nxf6 20. Rxe6 fxe6
21. Bxa8 Qxa8 $18) 19. exf6 Rd8 20. Nd5 (20. fxg7 Qd6 21. Nd5 Rde8 22. Rxe6
Rxe6 $18) 20... Qb8 (20... Nxf6 {otherwise it's curtains at once} 21. Qc3 Rxd5
22. Bxd5 Re8 $18) 21. fxg7 Ne5 22. Bxe5 Rxe5 (22... Qc7 {does not solve
anything} 23. Bxc7 Rdd6 24. Bxd6 Re3 25. Rxe3 Kxg7 26. Qc3+ Kh6 27. Bf4+ g5 28.
Bf3 gxf4 29. Qf6#) 23. Rxe5 Qxe5 24. Re1 Qb8 25. Qc3 (25. Qc3 Rxd5 26. Bxd5 Qd8
27. Qf3 Qd7 28. Qf6 b5 29. Rd1 h6 30. Bxf7+ Qxf7 31. Rd8+ Qe8 32. Rxe8+ Kh7 33.
g8=Q#) 1-0

[Event "HokkaidoChessCh2023"]
[Site "?"]
[Date "2023.03.26"]
[Round "4.3"]
[White "Kanda, Daigo"]
[Black "Nishimori, Toshiyuki"]
[Result "1-0"]
[WhiteElo "1705"]
[BlackElo "1585"]
[Annotator "Fritz 11 SE (30s)"]
[PlyCount "65"]
[SourceDate "2023.03.26"]

{D00: 1 d4 d5: Unusual lines} 1. d4 Nf6 2. Nc3 d5 3. Bf4 e6 4. Nb5 Bd6 (4...
Na6 5. a3 Be7 6. e3 O-O 7. Nf3 b6 8. c4 Bb7 9. Qc2 c6 10. Nc3 c5 11. Rd1 cxd4
12. Nxd4 Nc5 13. Be2 Qc8 14. O-O dxc4 15. Bxc4 a6 16. Rc1 b5 17. Ba2 Qe8 18. f3
Rc8 19. e4 {Jobava,B (2664)-Swiercz,D (2617) Abu Dhabi 2015 1/2-1/2 (65)}) 5.
Nxd6+ cxd6 {White has the pair of bishops} 6. Nf3 $146 (6. e3 Nc6 7. c3 O-O 8.
Nf3 Qe7 9. Be2 h6 10. h3 e5 11. Bh2 Bf5 12. O-O a6 13. a4 Rac8 14. a5 Rfe8 15.
Qb3 e4 16. Nd2 Qd7 17. Kh1 Ne7 18. Qa3 Rcd8 19. c4 g5 20. cxd5 g4 {Fries
Nielsen,J (2387)-Lokander,M (2151) Stockholm 2012 1-0 (45)}) 6... Nc6 7. e3 O-O
8. h3 {Secures g4} h6 {Covers g5} 9. Be2 Re8 10. Bh2 e5 11. O-O (11. c3 $11)
11... e4 {Black threatens to win material: e4xf3} (11... Qb6 $142 $5 $15 {
looks like a viable alternative}) 12. Nd2 $14 Be6 13. c3 {Prevents intrusion
on b4} a6 {Consolidates b5} 14. Qb3 {White threatens to win material: Qb3xb7}
Qe7 15. a4 Red8 16. Rfc1 Rac8 17. a5 Na7 18. Qa3 Nb5 {Black threatens to win
material: Nb5xa3} 19. Qb4 Na7 20. c4 dxc4 21. Nxc4 {[%cal Rb4d6,Rc4d6,Rh2d6,
Gd8d6,Ge7d6] Increases the pressure on d6} Nd5 {The knight feels good on d5} (
21... Rc6 22. Nb6 $14) 22. Qd2 (22. Bxd6 $142 $5 Qd7 23. Qb3 $16) 22... Nb5 $14
23. Kh1 Rc6 24. f3 {Controls g4} (24. Nb6 Qc7 $14) 24... f5 (24... exf3 25.
Bxf3 Rdc8 $11) 25. g4 (25. fxe4 $5 fxe4 26. Nb6 $14) 25... Kh8 (25... exf3 26.
Bxf3 fxg4 27. hxg4 $17) 26. fxe4 fxe4 (26... fxg4 27. hxg4 (27. exd5 Bxd5+ 28.
Kg1 Qe4 29. Bxg4 Qh1+ (29... Bxc4 $6 {is impossible} 30. Bf4 $15) 30. Kf2 Qxh2+
31. Ke1 Qg1+ 32. Ke2 Bxc4+ 33. Rxc4 Qxa1 $19) 27... Nf6 28. e5 Bd5+ 29. Kg1 $15
) 27. Bf1 (27. Nb6 Qc7 $14) 27... Bf7 (27... Rdc8 28. Nb6 Nxb6 29. axb6 $11)
28. Bg3 (28. Nb6 Be6 $11) 28... g5 {Black king safety dropped} (28... Rdc8 29.
Kg1 $11) 29. Qf2 (29. Nb6 Rxc1 30. Rxc1 Nbc7 $14) 29... Bg6 (29... Nb4 30. Nb6
Nd3 31. Bxd3 exd3 32. Rxc6 bxc6 33. Qf5 $15) 30. Qd2 Rf8 (30... Bf7 31. Nb6 $14
) 31. Bg2 (31. Nb6 $5 Rxc1 32. Rxc1 Nxb6 33. axb6 $14) 31... Qe6 32. Nb6 Qe8 $4
(32... Rxc1+ $142 {is just about the only chance} 33. Rxc1 Nxb6 34. axb6 h5 35.
gxh5 Bxh5 $11) 33. Nxd5 $18 1-0

[Event "HokkaidoChessCh2023"]
[Site "?"]
[Date "2023.03.26"]
[Round "4.4"]
[White "Yoshii, Yukihiko"]
[Black "Kihara, Kotaro"]
[Result "0-1"]
[WhiteElo "1699"]
[BlackElo "1351"]
[Annotator "Fritz 11 SE (30s)"]
[PlyCount "68"]
[SourceDate "2023.03.26"]

{D85: Exchange Gr・feld: Unusual White 7th moves and lines with 7 Nf3} 1. c4
Nf6 2. Nc3 d5 3. cxd5 Nxd5 4. e4 Nxc3 5. bxc3 g6 6. d4 Bg7 7. Nf3 Bg4 8. Be2 c5
9. Be3 Nc6 10. e5 Qa5 {Black threatens to win material: Qa5xc3} (10... cxd4 11.
cxd4 O-O (11... Qa5+ 12. Bd2 Qa3 13. Bc1 Qa5+ 14. Bd2 Qd5 15. Bc3 Rc8 16. O-O
O-O 17. h3 Be6 18. Qd2 Rfd8 19. Rfd1 h6 20. Nh2 Qd7 21. Ng4 h5 22. Ne3 Bh6 23.
d5 Bxe3 24. Qxe3 Bxd5 25. Bxh5 Qe8 26. Bxg6 {David,R (2227)-Bednar,M (2287)
Germany 2014 0-1 (41)}) 12. O-O Qd7 13. Qd2 Rfd8 14. Rfd1 Rac8 15. Rac1 b6 16.
h3 Be6 17. Ba6 Rc7 18. Ng5 Bd5 19. Bf4 e6 20. Qc3 h6 21. Nf3 Qe7 22. Nh2 Rdd7
23. Qd2 Qb4 24. Qe3 h5 25. g4 {Langeweg,K (2455)-Timman,J (2620) Wijk aan Zee
1981 0-1 (37)}) 11. Qd2 $146 (11. O-O O-O (11... Qxc3 12. Rc1 Qa3 13. Rxc5 O-O
14. Qb1 Be6 15. Qxb7 Qxa2 16. Re1 Bd5 17. Rxc6 a5 18. Rc2 Qxc2 19. Qxd5 e6 20.
Qc5 Qb2 21. Bc1 Qb8 22. Nd2 Rc8 23. Qa3 Bf8 24. Qa2 Qb4 25. Rd1 Rab8 26. Kf1 {
Browne,W (2550)-Hoelzl,F (2410) Buenos Aires 1978 0-1 (63)}) 12. Qb3 (12. h3
cxd4 13. cxd4 Be6 14. Ng5 Bd5 15. h4 Rac8 16. h5 Nb4 17. hxg6 hxg6 18. Bd2 Qa3
19. Bxb4 Qxb4 20. Bf3 Bc4 21. Rb1 Qa5 22. Bxb7 Bxf1 23. Bxc8 Rxc8 24. Qxf1 Bh6
25. Nf3 Qxa2 26. Rc1 e6 {Fiorito,F (2455)-Alonso,S (2390) Buenos Aires 1998 1/
2-1/2 (37)}) 12... Rad8 13. Rfd1 cxd4 14. cxd4 Qb4 15. Rab1 Qxb3 16. Rxb3 Rd7
17. h3 Be6 18. Rb2 Rfd8 19. Rbd2 Nb4 20. Ng5 Bxa2 21. Rb2 a5 22. Ra1 h6 23. Nf3
Bd5 24. Rxa5 Nc6 25. Rxd5 Rxd5 {Matejka,P (2151)-Pokrupa,M (2199) Czechia 2011
0-1 (40)}) (11. O-O Rd8 $11) 11... Bxf3 12. Bxf3 {White has the pair of bishops
} Rd8 13. Bxc6+ bxc6 14. Rd1 (14. f4 f6 15. exf6 Bxf6 $11) 14... Bxe5 $1 $17 {
Deflection: d4} 15. O-O (15. dxe5 Rd5 {Decoy Double attack} (15... Rxd2 {
Deflection Pinning})) 15... O-O 16. Qc2 Bg7 17. Rd3 Rd7 18. Rfd1 (18. dxc5 Rxd3
19. Qxd3 Qxa2 $15 (19... Qxc3 $143 20. Qd7 $11)) 18... Rfd8 (18... c4 19. R3d2
$17) 19. g3 (19. dxc5 Rxd3 20. Rxd3 Rxd3 21. Qxd3 Bxc3 $17 (21... Qxc3 $143 22.
Qd8+ Bf8 23. g3 $11) (21... Qxa2 $143 22. Qd8+ Bf8 23. h3 $11)) 19... c4 20.
R3d2 Re8 (20... a6 21. Qe4 $17) 21. Rc1 (21. Rb1 Bf6 $15) 21... Rb7 22. Bf4 e5
(22... g5 $5 23. Be3 Qd5 $17) 23. dxe5 $15 Bxe5 24. Qe4 {White threatens to
win material: Qe4xc6. White forks: c6+c4} Qb5 25. Bxe5 Rxe5 26. Rd8+ Kg7 27.
Qd4 Qc5 28. Rd1 (28. Rc2 Rb1+ 29. Kg2 a6 $15) 28... Rbe7 (28... Rb2 $5 $17) 29.
Kg2 Qxd4 30. R1xd4 Rc5 31. Rb8 Re2 32. a4 Rc2 {Black threatens to win material:
Rc2xc3} 33. Rb7 (33. Rf4 g5 34. Rf3 g4 $15) 33... a5 (33... Rf5 $142 $5 34. Rf4
Rxf4 35. gxf4 Rxc3 36. Rxa7 Ra3 $15) 34. Rdd7 $4 (34. Rf4 $142 {would hold out}
Rf5 35. Rxf5 gxf5 36. Ra7 $11) 34... Rf5 $19 (34... Rf5 35. g4 Rfxf2+ 36. Kg3
Rf6 $19) 0-1

[Event "HokkaidoChessCh2023"]
[Site "?"]
[Date "2023.03.26"]
[Round "4.5"]
[White "Matsumoto, Kenshin"]
[Black "Furuse, Mizuki"]
[Result "1-0"]
[WhiteElo "1413"]
[BlackElo "922"]
[Annotator "Fritz 11 SE (30s)"]
[PlyCount "39"]
[SourceDate "2023.03.26"]

{D20: Queen's Gambit Accepted: 3 e3 and 3 e4} 1. d4 d5 2. c4 dxc4 3. e3 e6 4.
Bxc4 c5 5. d5 (5. Nf3 a6 6. Qe2 b5 7. Bb3 Nf6 8. dxc5 Bb7 9. a4 Nbd7 10. axb5
axb5 11. Rxa8 Qxa8 12. Qxb5 Bxf3 13. gxf3 Bxc5 14. Nd2 O-O 15. Bc4 Qa7 16. O-O
Rb8 17. Qa6 Qc7 18. Rd1 Bb4 19. Bf1 Bxd2 {Graf,A (2623)-Izoria,Z (2556) Batumi
2002 1/2-1/2}) 5... Nf6 $146 {Black threatens to win material: Nf6xd5} (5...
exd5 6. Bxd5 Bd6 7. e4 (7. Nc3 Nf6 8. Bf3 O-O 9. Nge2 Qe7 10. Ng3 Rd8 11. Qc2
Na6 12. a3 c4 13. Be2 Be6 14. Nf5 Bxf5 15. Qxf5 Rac8 16. Bd2 g6 17. Qc2 Nc5 18.
Rd1 Nd3+ 19. Bxd3 cxd3 20. Qxd3 Bxa3 21. Qc2 Bd6 {Sargissian,G (2470)-Sorokin,
M (2574) Linares 2000 1/2-1/2}) 7... Ne7 8. Bc4 O-O 9. Nc3 Nbc6 10. Be3 a6 11.
a4 Ne5 12. Be2 Be6 13. f4 Nc4 14. Bxc4 Bxc4 15. b3 Be6 16. f5 Be5 17. Nge2
Qxd1+ 18. Rxd1 Bxb3 19. Rd7 Nc6 20. Bxc5 {Krasenkow,M (2628)-Yakovich,Y (2517)
Warsaw 2012 1/2-1/2}) 6. Nc3 Be7 (6... exd5 7. Nxd5 Be6 8. Nxf6+ Qxf6 9. Bxe6
Qxe6 10. Qb3 $11) 7. Nf3 O-O 8. O-O exd5 9. Nxd5 Nxd5 10. Bxd5 Qc7 11. Qc2 Nc6
12. Bd2 Bd7 {Black has an active position} 13. Rfd1 Rfd8 (13... Rad8 14. Bc3
$14) 14. Qc4 Be6 $2 (14... b5 $142 $5 15. Qe4 Rac8 $14) 15. Bxe6 $18 fxe6 16.
Qxe6+ Kf8 17. Bc3 Re8 $4 {leading to a quick end} (17... Rxd1+ $142 18. Rxd1
Rd8 19. Rxd8+ Qxd8 $18) 18. Rd7 Qc8 (18... Qxd7 {what else?} 19. Qxd7 Rad8 20.
Qxb7 Rd6 $18) 19. Ng5 $3 {Deflection: e7} Nd8 (19... Bxg5 20. Qf7# {Mate
attack Deflection Pinning}) 20. Nxh7# 1-0

[Event "HokkaidoChessCh2023"]
[Site "?"]
[Date "2023.03.26"]
[Round "4.6"]
[White "Al Jbarat, Thamer"]
[Black "Nakamura, Mitsuru"]
[Result "0-1"]
[WhiteElo "1309"]
[BlackElo "1413"]
[Annotator "Fritz 11 SE (30s)"]
[PlyCount "174"]
[SourceDate "2023.03.26"]

{D00: 1 d4 d5: Unusual lines} 1. d4 d5 2. e3 Nf6 3. Nc3 $146 (3. c3 Nbd7 (3...
g6 4. Bd3 (4. Be2 Bg7 5. h4 Nc6 6. Nd2 a6 7. b3 h5 8. Nh3 Bg4 9. Ng5 Bxe2 10.
Qxe2 Qd7 11. O-O Qg4 12. Qxg4 hxg4 13. g3 e5 14. Ba3 Bh6 15. f4 gxf3 16. Ndxf3
e4 17. Nh2 Bxg5 18. hxg5 Rxh2 {Depasquale,C (2300)-Garbett,P (2230) Sydney
1989 1-0}) 4... Bg7 5. h4 (5. Nd2 Nbd7 6. f4 c5 7. Ngf3 O-O 8. O-O b6 9. Qe1 a5
10. Ne5 Ba6 11. Bxa6 Rxa6 12. Qh4 b5 13. Rf3 Qc7 14. Rh3 b4 15. Nf1 Rb8 16. Bd2
Nf8 17. c4 dxc4 18. Rc1 c3 19. bxc3 b3 {Chelushkina,I (2265)-Todorovic,G (2488)
Belgrade 2013 1-0}) 5... Nbd7 6. Nf3 c5 7. Nbd2 Qc7 8. Qe2 O-O 9. b3 e5 10.
Nxe5 Nxe5 11. dxe5 Qxe5 12. Bb2 Bg4 13. f3 Rfe8 14. O-O-O Qxe3 15. Qxe3 Rxe3
16. Nf1 Rxd3 17. Rxd3 Bh6+ 18. Rd2 {Onkoud,A (2361)-Libiszewski,F (2413)
Chartres 2005 0-1 (56)}) 4. f4 Ne4 5. Nf3 e6 6. Bd3 Ndf6 7. O-O Be7 8. Na3 O-O
9. Nc2 c5 10. Nce1 c4 11. Bc2 b5 12. Ng5 Nxg5 13. fxg5 Ne4 14. Bxe4 dxe4 15. h4
Qc7 16. Qg4 Qc6 17. Nc2 a5 {Bird,H-Blackburne,J Belfast 1892 1/2-1/2 (42)}) (3.
Ne2 Bf5 4. Ng3 Bg6 5. h4 h6 6. Bd3 Bxd3 7. Qxd3 Nbd7 8. Nc3 c6 9. e4 e5 10.
exd5 exd4 11. dxc6 bxc6 12. Qxd4 Bc5 13. Qc4 O-O 14. Kf1 Rb8 15. a3 Re8 16. Bf4
Bxf2 17. Bxb8 Qxb8 {Nemety,L (2235)-Lamoureux,C (2430) Paris 1994 0-1}) 3... e6
4. Bd3 c6 {Secures b5} (4... c5 5. Nf3 $11) 5. Nf3 $14 Nbd7 6. O-O Bd6 7. Bd2 (
7. Re1 O-O $14) 7... O-O 8. h3 {Controls g4} (8. e4 e5 9. exd5 cxd5 10. Nxe5
Nxe5 11. dxe5 Bxe5 $11) 8... h6 {Prevents intrusion on g5} (8... e5 9. dxe5
Nxe5 10. e4 $11) 9. Qe2 (9. e4 dxe4 10. Nxe4 Nxe4 11. Bxe4 Qc7 $14) 9... Qc7 (
9... e5 10. dxe5 Nxe5 11. Nxe5 Bxe5 $11) 10. Ne1 (10. e4 $5 {is worth looking
at} e5 11. exd5 exd4 12. Nxd4 $16) 10... b6 (10... e5 11. dxe5 Nxe5 12. Nf3
Nxd3 13. cxd3 $17) 11. a3 {Covers b4} (11. f4 Bb7 $11) 11... Bb7 (11... e5 12.
dxe5 Nxe5 13. Nf3 Nxd3 14. cxd3 $17) 12. b4 (12. f4 Rfe8 $15) 12... a6 $17 13.
f4 (13. e4 e5 14. dxe5 Bxe5 $17) 13... Rfe8 (13... c5 14. dxc5 bxc5 15. Qd1 $17
) 14. Nd1 (14. e4 $142 $5 {has some apparent merit} dxe4 15. Bxe4 $15) 14... c5
$17 15. Nf3 $2 (15. dxc5 bxc5 16. bxc5 Bxc5 $17 (16... Qxc5 $6 17. Bb4 Qb6 18.
Bxd6 Qxd6 19. Nf3 $17)) 15... cxd4 (15... c4 $142 $19 {secures the win}) 16.
Nxd4 $17 e5 17. fxe5 Bxe5 (17... Nxe5 $6 18. Rxf6 gxf6 19. Qh5 $11) 18. c3 Ne4
19. Bxe4 dxe4 20. Qh5 (20. Nb2 Rad8 $17) 20... Nf6 21. Qe2 Bd5 (21... Rad8 22.
Nb2 $17) 22. Nb2 b5 23. Rac1 Qb6 (23... Rac8 $5 $17) 24. c4 $15 bxc4 (24...
Bxd4 $5 25. exd4 bxc4 (25... Qxd4+ $143 26. Be3 Qe5 27. cxd5 $16) 26. Nxc4
Qxd4+ 27. Qe3 Qd3 $15) 25. Nxc4 $11 Bxc4 26. Rxc4 ({Weaker is} 26. Qxc4 Rad8
$17) 26... Rac8 27. Rfc1 Rxc4 28. Qxc4 Bxd4 29. Qxd4 Qxd4 30. exd4 {White has
a new passed pawn: d4. Black has a new passed pawn: e4} e3 {Black threatens to
win material: e3xd2} 31. Be1 e2 (31... Re6 32. g3 $11) 32. Rc6 {White
threatens to win material: Rc6xa6} Ra8 $2 (32... Nd5 $142 $11 {would keep
Black in the game}) 33. Kf2 $16 a5 $2 (33... Re8 34. Rxa6 Ne4+ 35. Kf3 (35.
Kxe2 $2 {doesn't work because of} Nc5+ 36. Kf1 Nxa6 $19) 35... Ng5+ 36. Kg3 $16
) 34. Kxe2 (34. bxa5 $142 {finishes off the opponent} Kf8 35. Kxe2 Re8+ 36. Kd2
$18) 34... axb4 35. Bxb4 Nd5 36. Bc5 (36. Rc5 $142 $5 Nf4+ 37. Kf3 $18) 36...
Nf4+ $14 {Black forks: g2} 37. Kf3 {White threatens to win material: Kf3xf4}
Nd3 $2 (37... Ne6 $142 $14 {is the best option Black has}) 38. Bd6 $18 Ra4 $2 (
38... f6 39. Ke2 Nb2 40. Kd2 $18) 39. Ke4 (39. Ke2 {keeps an even firmer grip}
Nb2 40. Rc8+ Kh7 $18) 39... Ne1 $2 (39... Nf2+ 40. Kf4 $18) 40. g3 (40. Rc8+
$142 {seems even better} Kh7 41. Bb4 f5+ 42. Kxf5 Nxg2 $18) 40... Ra5 (40...
Kh7 $18 {there is nothing better in the position}) 41. Rc8+ Kh7 42. Bc5 (42.
Bb4 $142 {it becomes clear that White will call all the shots} Ra7 43. Ke3 $18)
42... Nc2 43. d5 Ra4+ 44. Kd3 Nxa3 45. d6 Nc4 46. d7 $4 {throws away the game}
(46. Re8 $142 {and the rest is a matter of technique} Nxd6 47. Bxd6 $18) 46...
Ne5+ $15 {Black forks: d7} 47. Ke3 Nxd7 48. Bd6 Nf6 49. Rc1 Re4+ 50. Kf3 Rd4 {
Black threatens to win material: Rd4xd6} 51. Be5 Rd3+ 52. Ke2 {White threatens
to win material: Ke2xd3} Rd5 53. Ba1 (53. Bxf6 gxf6 54. Rc7 Kg6 $11) 53... Nh5
$15 {Black threatens to win material: Nh5xg3} 54. Rc3 $2 (54. Rg1 $142 $5 $15 {
would keep White alive}) 54... Ra5 $19 55. Bb2 Ra2 56. Rb3 Nxg3+ $1 {
Deflection: b2} 57. Kf3 (57. Rxg3 Rxb2+ {Overloading Deflection}) 57... Nf1 (
57... Nf5 $142 $19 {would have given Black the upper hand}) 58. Ke2 $15 {
White threatens to win material: Ke2xf1} Ng3+ {Twofold repetition. Deflection:
b2} 59. Kf3 (59. Rxg3 Rxb2+ {Deflection}) 59... Nf5 60. Kf4 Nd6 61. Be5 $2 (61.
Bc3 f6 62. Kf3 Ra4 $19) 61... Ra4+ (61... g5+ $5 {makes it even easier for
Black} 62. Kg4 f5+ 63. Kf3 $19) 62. Kf3 Nc4 63. Bc3 Nd6 64. Be5 Nf5 65. Bb2 (
65. Kg2 Re4 66. Ba1 g5 $19) 65... g5 (65... Nd4+ $142 {seems even better} 66.
Bxd4 Rxd4 $19) 66. Bf6 $4 {an oversight. But White was lost anyway.} (66. Kf2
$142 $19) 66... Rf4+ 67. Ke2 Nd4+ 68. Bxd4 Rxd4 69. Rf3 Kg6 70. Ke3 (70. Ra3
$19 {is the last straw}) 70... Ra4 71. Kd2 (71. Ke2 {a fruitless try to alter
the course of the game} Ra2+ 72. Kf1 f5 $19) 71... Ra2+ 72. Ke1 f5 73. Rb3 (73.
Kf1 $19 {a last effort to resist the inevitable}) 73... f4 74. Kf1 Kh5 75. Rc3
(75. Kg1 {doesn't improve anything} Rc2 $19) 75... Kh4 76. Kg1 g4 (76... Re2
77. Kf1 Rh2 78. Kg1 Rxh3 79. Rc6 $19) 77. hxg4 Kxg4 78. Rc6 h5 79. Rg6+ Kf5 80.
Rb6 f3 (80... h4 $142 $19 {secures the point}) 81. Rb5+ Kg4 82. Rb4+ $4 {
White crumbles in face of a dire situation} (82. Rb7 $19) 82... Kg3 {[%cal
Yf3f2] Black prepares f2} 83. Rb1 Rg2+ 84. Kh1 (84. Kf1 {does not help much}
Rh2 85. Ke1 Rh1+ 86. Kd2 Rxb1 87. Kd3 f2 88. Kd4 f1=Q 89. Kd5 Qd3+ 90. Ke5 Re1+
91. Kf6 Qh7 92. Kg5 Qg7+ 93. Kxh5 Rh1#) 84... Rh2+ 85. Kg1 f2+ 86. Kf1 Rh1+ 87.
Ke2 Rxb1 (87... Rxb1 88. Kd3 f1=Q+ 89. Kd4 Qf4+ 90. Kd5 Rb6 91. Kc5 Qb4+ 92.
Kd5 Rd6+ 93. Ke5 Qf4#) 0-1

[Event "HokkaidoChessCh2023"]
[Site "?"]
[Date "2023.03.26"]
[Round "5.1"]
[White "Kanda, Daido"]
[Black "Kawamura, Takuto"]
[Result "1/2-1/2"]
[WhiteElo "1705"]
[BlackElo "1554"]
[Annotator "Fritz 11 SE (30s)"]
[PlyCount "101"]
[SourceDate "2023.03.26"]

{D00: 1 d4 d5: Unusual lines} 1. d4 Nf6 2. Nc3 d5 3. Bf4 e6 4. Nb5 Na6 5. e3 c6
6. Nc3 Bd6 $146 (6... b6 7. Nf3 Bb7 (7... Nc7 8. Ne5 Bb7 9. Bd3 Be7 10. Qf3 O-O
11. g4 Bb4 12. Qh3 g6 13. Bh6 c5 14. f3 c4 15. Be2 Nb5 16. Kd2 Qe7 17. a3 Nxc3
18. bxc3 Bxa3 19. Bg5 Bd6 20. Qh4 Ne4+ 21. fxe4 f6 22. Bh6 {Ehlvest,J (2565)
-Sveshnikov,E (2528) Jurmala 2014 1-0}) 8. a3 Be7 9. Bd3 O-O 10. O-O Nc7 11.
Nb1 c5 12. c3 Nce8 13. Nbd2 Nd6 14. h3 a5 15. Qe2 Nde4 16. Rfd1 Qc8 17. Rac1
Nxd2 18. Nxd2 Ba6 19. c4 Qb7 20. Be5 Nd7 21. Qh5 {Hobber,A (2339)-Mareco,S 
(2605) Lidkoping 2015 0-1 (34)}) (6... Nb8 7. Bd3 Nbd7 8. Qf3 Qa5 9. a3 b5 10.
Ra2 Bb7 11. Nge2 Be7 12. O-O O-O 13. g4 Qd8 14. Qh3 g6 15. Bh6 Re8 16. f4 Bf8
17. Bxf8 Nxf8 18. Qh4 N8d7 19. Raa1 a6 20. Ng3 c5 21. g5 {Bank,P (2296)
-Meskovs,N (2454) Aarhus 2015 0-1 (67)}) (6... Nc7 7. Bd3 Bd6 8. Nf3 Bxf4 9.
exf4 Qd6 10. Qd2 c5 11. dxc5 Qxc5 12. O-O-O b5 13. Kb1 Bb7 14. Ne5 Rd8 15. f3
Nd7 16. Nxd7 Kxd7 17. f5 e5 18. Qg5 b4 19. Ne2 Kc8 20. Ng3 Ne8 21. Rc1 {
Pasiev,R (2400)-Dvalishvili,P (2439) Moscow 2015 0-1 (48)}) (6... Bb4 7. Bxa6
bxa6 8. Nf3 $11) 7. Nf3 $14 O-O 8. Ne5 Qc7 9. Bxa6 bxa6 {Black has the pair of
bishops} 10. O-O Bb7 (10... c5 11. Qf3 $15) 11. Na4 c5 12. Nxc5 Bxc5 13. dxc5
Qxc5 14. c3 h6 {Consolidates g5} 15. h3 {Secures g4} Rad8 16. Rc1 Ne4 17. Qc2 (
17. Qg4 Nf6 18. Qe2 Qb5 19. Qxb5 axb5 $11) 17... Nd6 (17... f6 $5 {should be
examined more closely} 18. Nd3 Qb6 $15) 18. b3 {Prevents intrusion on c4} a5
19. Rfd1 Ba6 (19... f6 20. Ng6 Rf7 21. Bxd6 Rxd6 22. Qb1 $11) 20. Qb2 (20. c4
dxc4 21. bxc4 f6 $16) 20... Qb5 (20... Rfe8 21. Nd3 Qb6 22. Qa3 $11) 21. Qc2
Qb6 $4 {throwing away the advantage} (21... Qc5 $142 $11 {and Black could well
hope to play on}) 22. c4 $18 dxc4 23. bxc4 Qc5 24. Qa4 Qb4 $2 (24... Nxc4 $142
25. Nd7 Rxd7 26. Qxd7 e5 $18) 25. Qxb4 axb4 26. c5 (26. Nc6 $142 {and White
wins} Nb7 27. Nxd8 Nxd8 28. Bd6 $18) 26... Ne4 $14 27. Nd7 {White threatens to
win material: Nd7xf8} (27. Rxd8 $142 $5 {is worthy of consideration} Rxd8 28.
Nc6 $16) 27... Nc3 $11 {Black threatens to win material: Nc3xd1. Black forks:
a2+d1} 28. Nxf8 $2 (28. c6 Ne2+ 29. Kh2 Nxc1 30. Rxc1 Rfe8 $15) 28... Rxd1+ $4
{there were better ways to keep up the pressure} (28... Nxd1 $142 29. Rb1 Nc3 (
29... Rxf8 $6 30. Rxd1 Rc8 31. Rd7 $11) 30. Nxe6 fxe6 31. Rxb4 Ne2+ (31... Nxa2
{is much weaker} 32. Ra4 $16) 32. Kh2 Nxf4 33. exf4 Rd2 $19) 29. Rxd1 $11 Nxd1
{A minor pieces endgame occured} 30. Nd7 Nc3 {Black can be proud of that piece}
31. c6 {Black has to watch this pawn} f6 {Consolidates e5} 32. Nc5 {White
threatens to win material: Nc5xa6. White forks: a6+e6} Bc8 33. Nb3 $4 {gives
the opponent new chances} (33. Bb8 $142 $11 {and White has air to breath})
33... e5 $19 34. Bg3 Nxa2 35. f3 (35. f4 e4 $19) 35... Kf7 36. e4 (36. f4 Nc3
37. fxe5 Ne2+ 38. Kf2 Nxg3 39. Kxg3 fxe5 $19) 36... Ke7 (36... Ke6 {might be
the shorter path} 37. Bf2 Kd6 38. Bc5+ Kxc6 39. Bf8 $19) 37. Bf2 (37. f4 Nc3
38. fxe5 Ne2+ (38... Nxe4 $6 {is much worse} 39. Be1 $17) 39. Kf2 Nxg3 40.
exf6+ gxf6 41. Kxg3 Kd6 $19) 37... Kd6 38. Na5 (38. Bxa7 Kxc6 39. Kf2 Be6 $19)
38... Be6 39. Bxa7 Kc7 (39... Nc1 $142 $19 {and Black has reached his goal})
40. Bc5 $17 b3 41. Nxb3 Bxb3 {Black wins a piece} 42. Bf8 g6 43. Bg7 (43. Bxh6
Kxc6 44. Bg7 Nb4 $17) 43... f5 (43... Nb4 $142 $19 {Black would have gained
the upper hand}) 44. Bxe5+ $15 Kxc6 45. exf5 gxf5 46. Kf2 Kd5 {Black threatens
to win material: Kd5xe5} (46... Nb4 47. Kg3 $17) 47. Bg7 h5 48. Kg3 Ke6 49. Kf4
$2 (49. Kh4 $142 $5 $11 {is an interesting alternative}) 49... Kf7 $17 50. Bd4
(50. Be5 Kg6 $17) 50... Kg6 51. g4 1/2-1/2